[Event "4th Paytakht Cup 2019"]
[Site "Tehran"]
[Date "2019.11.06"]
[Round "8.1"]
[White "Ghaem Maghami, Ehsan"]
[Black "Maghsoodloo, Parham"]
[Result "*"]
[WhiteElo "2544"]
[BlackElo "2664"]
[Annotator "TA"]
[PlyCount "34"]
[EventDate "2019.10.30"]
[EventType "swiss"]
[EventCountry "IRI"]
[SourceTitle "playchess.com"]
[Source "ChessBase"]
[SourceQuality "1"]

{[%evp 11,12,18,27]} 1. e4 c5 2. Nf3 Nc6 3. Bb5 g6 4. Bxc6 bxc6 5. O-O Bg7 6. Re1 Nh6 {Predecessor:} 7. c3 $146 O-O 8. d4 cxd4 9. cxd4 d5 10. e5 f6 11. exf6 exf6 12. Nbd2 Re8 13. Nb3 Rxe1+ 14. Qxe1 Nf5 15. Bd2 Bd7 16. Nc5 Qc7 17. Rc1 Re8 {½-½ (48) Aronian,L (2758)-Le,Q (2708) Khanty-Mansiysk 2019} *

[Event "4th Paytakht Cup 2019"]
[Site "Tehran"]
[Date "2019.11.06"]
[Round "8.1"]
[White "Ghaem Maghami, Ehsan"]
[Black "Maghsoodloo, Parham"]
[Result "1/2-1/2"]
[WhiteElo "2544"]
[BlackElo "2664"]
[Annotator "TA"]
[PlyCount "45"]
[EventDate "2019.10.30"]
[EventType "swiss"]
[EventCountry "IRI"]
[SourceTitle "playchess.com"]
[Source "ChessBase"]
[SourceQuality "1"]

{[%evp 17,45,0,0,2,64,55,62,66,78,59,73,35,34,20,31,28,28,22,16,0,7,16,21,19,46,26,18,0,0,0]} 1. e4 c5 2. Nf3 Nc6 3. Bb5 g6 4. Bxc6 bxc6 5. O-O Bg7 6. Re1 Nh6 7. c3 O-O 8. d4 cxd4 9. cxd4 d5 10. e5 {B31: Sicilian: 2...Nc6 3 Bb5 g6} Bg4 (10... f6 $11) (10... f6 11. exf6 exf6 12. Nbd2 Re8 13. Nb3 Rxe1+ 14. Qxe1 Nf5 15. Bd2 Bd7 16. Nc5 Qc7 17. Rc1 Re8 {½-½ (48) Aronian,L (2758)-Le,Q (2708) Khanty-Mansiysk 2019}) 11. Nbd2 $1 $14 Qc8 $146 ({Predecessor:} 11... Qb6 12. h3 Bxf3 13. Nxf3 f6 14. b3 fxe5 15. dxe5 Nf5 16. Re2 Ng3 17. Rc2 Ne4 {1-0 (33) Grigoryan,K (2570)-Himanshu,S (2514) Badalona 2017}) 12. h3 {White is slightly better.} Bh5 13. Qc2 f6 14. exf6 exf6 15. b3 g5 16. Ba3 Re8 17. Rxe8+ Bxe8 18. Re1 Bg6 19. Qc3 Qa6 20. Bb4 Nf7 21. a4 Nd8 22. Re7 {Strongly threatening Qe3.} Qc8 23. Bc5 {Accuracy: White = 57%, Black = 64%.} 1/2-1/2

[Event "4th Paytakht Cup 2019"]
[Site "Tehran"]
[Date "2019.11.06"]
[Round "8.2"]
[White "Meshkovs, Nikita"]
[Black "Pourramezanali, Amirreza"]
[Result "1/2-1/2"]
[WhiteElo "2548"]
[BlackElo "2478"]
[Annotator "TA"]
[PlyCount "82"]
[EventDate "2019.10.30"]
[EventType "swiss"]
[EventCountry "IRI"]
[SourceTitle "playchess.com"]
[Source "ChessBase"]
[SourceQuality "1"]

{[%evp 9,82,18,31,5,10,5,10,12,33,16,20,29,0,-2,25,20,26,12,25,26,33,37,43,22,32,12,14,9,10,0,14,14,14,10,16,11,11,17,16,16,34,43,55,62,54,42,26,27,66,13,96,9,9,9,47,5,5,0,0,0,5,0,0,0,0,0,6,0,8,-8,0,0,0,0,0]} 1. d4 d5 2. c4 e6 3. Nc3 Be7 4. Bf4 Nf6 5. e3 O-O 6. a3 $146 {D35: Queen's Gambit Declined: Exchange Variation} (6. Nf3 c5 7. dxc5 Bxc5 8. cxd5 Nxd5 9. Nxd5 exd5 10. Bd3 Bb4+ 11. Nd2 Nc6 12. O-O Be7 13. a3 Bf6 14. Rb1 Re8 15. Nf3 Bg4 16. h3 Bh5 17. g4 Bg6 18. Bxg6 hxg6 {½-½ (39) Hammer,J (2662)-Akobian,V (2641) Saint Louis 2018}) 6... b6 7. cxd5 Nxd5 8. Nxd5 Qxd5 9. Be2 Bb7 10. Bf3 Qa5+ 11. Qd2 Qxd2+ 12. Kxd2 Bxf3 13. Nxf3 c5 14. dxc5 Rd8+ 15. Ke2 bxc5 16. Rac1 Nc6 17. b4 f6 18. Rc4 e5 19. Bg3 Rab8 20. Rhc1 a5 {[%cal Ra5b4]} 21. bxc5 Rb2+ 22. R1c2 Rxc2+ 23. Rxc2 Rd5 24. Nd2 Rxc5 25. Rxc5 Bxc5 $11 {[%mdl 4096] Endgame KBN-KBN} 26. a4 Kf7 27. Kd3 Bb4 28. Nb3 Ke6 29. e4 (29. Kc4 $14) 29... Na7 {[#]} (29... Nd8 $11 {remains equal.}) 30. f4 (30. Kc4 $1 $16) 30... Nc8 $1 31. fxe5 Nb6 32. Nd4+ Kf7 {The position is equal.} 33. e6+ Ke8 34. e5 Nxa4 35. Kc4 Nb6+ 36. Kb5 {[#] Black must now prevent exf6.} Nd5 37. exf6 gxf6 38. Nc6 Ne3 39. Bh4 ({Of course not} 39. Nxa5 Bxa5 40. Kxa5 Ke7 $17) 39... Nxg2 40. Bxf6 Nf4 41. Be5 Nxe6 {Accuracy: White = 43%, Black = 58%.} 1/2-1/2

[Event "4th Paytakht Cup 2019"]
[Site "Tehran"]
[Date "2019.11.06"]
[Round "8.2"]
[White "Meshkovs, Nikita"]
[Black "Pourramezanali, Amirreza"]
[Result "*"]
[WhiteElo "2548"]
[BlackElo "2478"]
[Annotator "TA"]
[PlyCount "26"]
[EventDate "2019.10.30"]
[EventType "swiss"]
[EventCountry "IRI"]
[SourceTitle "playchess.com"]
[Source "ChessBase"]
[SourceQuality "1"]

{[%evp 9,13,19,21,6,8,0]} 1. d4 d5 2. c4 e6 3. Nc3 Be7 4. Bf4 Nf6 5. e3 O-O 6. a3 {D35: Queen's Gambit Declined: Exchange Variation} b6 7. cxd5 {Predecessor:} Nxd5 $146 8. Nxd5 exd5 9. Bd3 c5 10. Nf3 Nc6 11. O-O Be6 12. Bb5 Na5 13. dxc5 bxc5 {1-0 (34) Nakamura,H (2787)-Caruana,F (2795) Saint Louis 2016} *

[Event "4th Paytakht Cup 2019"]
[Site "Tehran"]
[Date "2019.11.06"]
[Round "8.3"]
[White "Timofeev, Artyom"]
[Black "Hosseinzadeh, Nima"]
[Result "1/2-1/2"]
[WhiteElo "2595"]
[BlackElo "2247"]
[Annotator "TA"]
[PlyCount "129"]
[EventDate "2019.10.30"]
[EventType "swiss"]
[EventCountry "IRI"]
[SourceTitle "playchess.com"]
[Source "ChessBase"]
[SourceQuality "1"]

{[%evp 9,129,4,4,7,0,0,1,3,19,0,0,0,9,10,29,28,28,32,32,30,32,22,36,33,26,16,16,6,9,2,26,13,32,16,20,29,22,22,26,16,25,19,37,37,50,42,94,41,107,63,63,52,54,48,50,62,95,85,73,86,208,204,209,195,286,312,312,310,318,295,429,428,427,411,202,16,16,16,16,16,16,16,16,16,16,16,16,16,16,16,16,16,17,31,31,8,8,8,8,8,135,85,85,31,59,31,46,8,8,8,8,8,8,8,8,8,8,8,8,8,8,8]} 1. e4 e5 2. Nf3 Nc6 3. Nc3 Nf6 4. h3 d5 5. exd5 Nxd5 6. Bb5 {C47: Scotch Four Knights and Four Knights with 4 g3} Nxc3 7. bxc3 Bd6 8. O-O O-O 9. Re1 Qf6 10. d3 h6 11. Nd2 Bd7 $146 ({Predecessor:} 11... Qg6 12. Qf3 {½-½ (65) Kovalev,V (2683)-Sanal,V (2490) St Petersburg 2018}) 12. Qh5 Qf5 13. Qxf5 Bxf5 14. Nc4 Rfe8 15. f3 a6 16. Bxc6 bxc6 17. Na5 Bd7 18. Rb1 Rab8 19. Bd2 f6 20. Rb3 f5 21. c4 c5 22. Bc3 Ba4 23. Rxb8 Rxb8 24. Nb3 ({Don't play} 24. Bxe5 Re8 $15) 24... Re8 25. Bb2 a5 26. Bc3 Bc6 27. Nxa5 Ba8 (27... Bd7 $14) 28. Bd2 (28. a4 $16) 28... Kf7 (28... e4 $14) 29. Be3 e4 30. fxe4 fxe4 31. Nb3 exd3 32. cxd3 Re6 33. Re2 Bc6 34. Kf1 Kg8 (34... Re5 $16 {is a better defense.}) 35. Bxc5 $18 {[%mdl 64] [#] Discovered Attack} Rxe2 36. Kxe2 Bxg2 (36... Bg3 {keeps fighting.} 37. Kf1 Kf7) 37. Bxd6 cxd6 {[%mdl 4096] Endgame [#] KB-KN} 38. h4 $1 Kf7 39. a4 g5 (39... g6 $142 40. d4 Bb7) 40. h5 Ke7 41. Nd4 Bh3 42. a5 $2 (42. Kf3 $18) 42... Bg4+ $11 43. Ke3 Kd7 $1 44. a6 Kc7 $1 45. Nb5+ Kb6 $1 46. a7 ({Don't do} 46. Nxd6 $6 Kxa6 47. Nf7 Bxh5 $16) 46... Kb7 47. Nxd6+ Kxa7 48. Nf7 {aiming for d4.} Bxh5 49. Nxh6 Kb6 50. d4 {And now Ke4 would win.} Bg6 51. Ng4 {Black must now prevent Ne5.} Bf5 52. Ne5 Ka5 53. Nc6+ Kb6 54. Ne7 Bb1 (54... Be6 $11 {remains equal.}) 55. Nd5+ Kc6 56. Nc3 (56. Kf3 $16) 56... Bf5 57. Ne4 Be6 58. Nd2 g4 $1 {The position is equal.} 59. Ke4 {d5+ is the strong threat.} Bf7 60. c5 g3 {( -> ...g2)} 61. Kf3 Kd5 62. Nb3 Be8 63. Ke3 g2 64. Kf2 Ba4 65. Na5 {Accuracy: White = 58%, Black = 53%.} 1/2-1/2

[Event "4th Paytakht Cup 2019"]
[Site "Tehran"]
[Date "2019.11.06"]
[Round "8.3"]
[White "Timofeev, Artyom"]
[Black "Hosseinzadeh, Nima"]
[Result "*"]
[WhiteElo "2595"]
[BlackElo "2247"]
[Annotator "TA"]
[PlyCount "23"]
[EventDate "2019.10.30"]
[EventType "swiss"]
[EventCountry "IRI"]
[SourceTitle "playchess.com"]
[Source "ChessBase"]
[SourceQuality "1"]

{[%evp 9,19,0,6,2,0,0,0,6,0,0,7,-7]} 1. e4 e5 2. Nf3 Nc6 3. Nc3 Nf6 4. h3 d5 5. exd5 Nxd5 {The position is equal.} 6. Bb5 {C47: Scotch Four Knights and Four Knights with 4 g3} Nxc3 7. bxc3 Bd6 8. O-O O-O 9. Re1 Qf6 10. d3 {Predecessor:} h6 $146 11. Nd2 Qg6 12. Qf3 {½-½ (65) Kovalev,V (2683)-Sanal,V (2490) St Petersburg 2018} *

[Event "4th Paytakht Cup 2019"]
[Site "Tehran"]
[Date "2019.11.06"]
[Round "8.4"]
[White "Mosadeghpour, Masoud"]
[Black "Darini, Pouria"]
[Result "1-0"]
[WhiteElo "2500"]
[BlackElo "2427"]
[Annotator "TA"]
[PlyCount "101"]
[EventDate "2019.10.30"]
[EventType "swiss"]
[EventCountry "IRI"]
[SourceTitle "playchess.com"]
[Source "ChessBase"]
[SourceQuality "1"]

{[%evp 19,101,0,0,0,21,0,0,0,0,-10,0,0,0,0,-2,-16,112,121,101,102,153,148,153,150,145,142,131,135,154,118,192,185,204,204,204,203,185,160,161,148,162,107,125,68,85,83,75,70,87,79,56,-10,26,35,32,33,25,12,25,0,0,0,0,0,0,0,3,0,27,24,20,32,26,34,46,38,33,12,204,208,236,218,213,206]} 1. e4 c5 2. Nf3 Nc6 3. d4 cxd4 4. Nxd4 Nf6 5. Nc3 e5 6. Ndb5 d6 7. Nd5 Nxd5 8. exd5 Nb8 9. a4 Be7 10. Be2 O-O 11. O-O {B33: Sicilian: Pelikan and Sveshnikov Variations} Nd7 12. b4 a6 13. Na3 {[#] The position is equal.} b6 $146 ({Predecessor:} 13... a5 14. bxa5 Rxa5 15. Nc4 Ra8 16. Be3 f5 17. a5 f4 18. Bb6 Qe8 {½-½ (54) Caruana,F (2832)-Carlsen,M (2835) London 2018}) 14. Nc4 a5 15. bxa5 bxa5 16. Bd2 Bb7 17. Rb1 Qc8 (17... Ba6 $1 $11) 18. Be1 $1 $16 ({Not} 18. Bxa5 Ba6 $15) 18... Ba6 19. Nxa5 Bd8 (19... Bxe2 $142 20. Qxe2 Re8) 20. Nc6 $1 Re8 21. Bb5 Bxb5 22. axb5 Bb6 23. Bb4 Qc7 24. Ra1 Nf6 (24... Rxa1 $16 25. Qxa1 f5) 25. c4 Ne4 26. Rxa8 Rxa8 27. Qf3 Nc5 28. Bc3 Qb7 29. Bd2 Ra4 30. Qg4 (30. Rc1 $18) 30... Qd7 31. Qxd7 (31. Qe2 $1 $16) 31... Nxd7 $14 32. Bb4 $1 f6 33. Rc1 ({Much weaker is} 33. Bxd6 Rxc4 34. g3 Rc2 $11) 33... Nc5 {[#]} 34. Bxc5 $1 Bxc5 $16 {[%mdl 4096] Endgame KRB-KRN} 35. g3 ({White should try} 35. Nd8 $14) 35... Kf8 36. Nd8 Bb6 $1 {[%cal Rb6d8]} 37. Ne6+ Kf7 38. Rc2 g6 39. c5 dxc5 40. Nxc5 Rb4 41. Nb7 {Strongly threatening Rc6.} Ke7 42. Rc6 Rxb5 43. Kg2 Rb2 44. Re6+ Kd7 45. Rxf6 {Rf7+ is the strong threat.} Ke7 $1 {[%cal Re7f6]} 46. Re6+ Kd7 47. Nd6 {And now Ne4 would win.} Rxf2+ 48. Kh3 {White wants to play Ne4.} Bd4 $2 (48... Re2 $11 {and Black is okay.}) 49. Ne4 $18 {White is clearly better.} Rf7 50. Nf6+ Kc8 {[#]} 51. d6 $1 {Accuracy: White = 70%, Black = 48%.} 1-0

[Event "4th Paytakht Cup 2019"]
[Site "Tehran"]
[Date "2019.11.06"]
[Round "8.5"]
[White "Gholami Orimi, Mahdi"]
[Black "Kasparov, Sergey"]
[Result "1/2-1/2"]
[WhiteElo "2437"]
[BlackElo "2464"]
[Annotator "TA"]
[PlyCount "77"]
[EventDate "2019.10.30"]
[EventType "swiss"]
[EventCountry "IRI"]
[SourceTitle "playchess.com"]
[Source "ChessBase"]
[SourceQuality "1"]

{[%evp 15,77,23,20,10,34,42,40,39,36,43,45,43,58,46,50,40,41,27,53,45,59,57,50,45,65,56,64,63,233,234,181,147,658,668,671,665,929,917,922,919,902,889,823,221,220,15,11,-12,0,0,0,0,0,0,0,0,0,0,26,0,0,0,29,0]} 1. d4 d5 2. c4 c6 3. Nc3 Nf6 4. Nf3 a6 5. c5 Nbd7 6. Bf4 g6 7. e3 Bg7 8. h3 O-O 9. Bd3 {D15: Slav Defence: 4 Nc3 a6 and gambit lines after 4 Nc3 dxc4} (9. Be2 Ne8 10. O-O Nc7 11. Bg3 e5 12. Nxe5 Nxe5 13. dxe5 Qg5 14. Bf4 Qd8 15. Bh2 Re8 16. e4 Bxe5 17. Bxe5 Rxe5 {½-½ (52) Cheparinov,I (2670)-Artemiev,V (2746) Khanty-Mansiysk 2019}) 9... Re8 10. Bh2 Nf8 11. O-O {White is slightly better.} N6d7 12. e4 dxe4 13. Nxe4 Nf6 {[#]} 14. Qb3 $146 ({Predecessor:} 14. Nc3 Be6 15. Re1 Nd5 16. Be4 Nf6 {1-0 (37) Kazhgaleyev,M (2606)-Zatonskih,A (2432) Port Erin 2006}) 14... Ra7 15. Neg5 Nd5 16. Bc4 Ne6 17. Nxe6 Bxe6 18. Rfe1 Bf6 19. Ne5 Qc8 20. Re2 Bxe5 21. Rxe5 Nc7 $2 {[#]} ({Black should play} 21... f6 $14 22. Re4 Bf7) 22. Rxe6 $1 $18 Nxe6 23. Re1 $36 {[%cal Re1e6][%mdl 2048] Strongly threatening Rxe6. White has strong initiative.} Nxd4 $2 {[%mdl 8192]} (23... Nd8 $16) 24. Bxf7+ {[%mdl 64] Double Attack} Kf8 25. Qc4 Rd8 {next ...Qf5 is good for Black.} 26. Bf4 {[%cal Rf4h6]} e6 27. Bxe6 Nxe6 28. Rxe6 {Rf6+ would kill now.} Rd5 29. Rf6+ $2 (29. Qe4 b5 30. cxb6) 29... Kg8 {[#]} 30. Bh6 $2 (30. Rd6 $1 $18 {[%cal Rd6d5]} Qf8 31. Rxd5 cxd5 32. Qxd5+ Qf7 33. Qd8+ Qf8 34. Qc7) 30... Ra8 $11 31. Qc3 {White threatens Rxg6+! and mate.} Qd7 32. Re6 Rd8 33. Qe3 {Threatens to win with Re7.} Kf7 34. Re4 $1 Re8 {aiming for ...Rxe4.} 35. Qf3+ Rf5 36. Qb3+ Rd5 37. Qf3+ (37. Rb4 $5 {[%cal Rb4b7]} Qe6 38. Rxb7+ Re7 39. Rxe7+ Qxe7 40. Be3 $11) 37... Rf5 38. Qb3+ Rd5 39. Qf3+ {Accuracy: White = 67%, Black = 55%.} (39. Rb4 $5 {[%cal Rb4b7]} Qe6 40. Rxb7+ Re7 41. Rxe7+ Qxe7 42. Be3 $11) 1/2-1/2

[Event "4th Paytakht Cup 2019"]
[Site "Tehran"]
[Date "2019.11.06"]
[Round "8.6"]
[White "Mousavi, Seyed Khalil"]
[Black "Daghli, Arash"]
[Result "1-0"]
[WhiteElo "2501"]
[BlackElo "2387"]
[Annotator "TA"]
[PlyCount "85"]
[EventDate "2019.10.30"]
[EventType "swiss"]
[EventCountry "IRI"]
[SourceTitle "playchess.com"]
[Source "ChessBase"]
[SourceQuality "1"]

{[%evp 18,85,15,25,47,50,58,59,65,57,114,79,68,62,83,44,31,8,5,16,23,16,10,0,0,0,23,6,8,28,7,37,44,47,51,11,23,40,142,146,145,116,110,107,116,89,89,89,88,93,60,48,48,0,0,0,48,49,233,219,811,803,881,834,29981,29977,29989,29990,29990,29991]} 1. d4 Nf6 2. c4 g6 3. Nc3 Bg7 4. e4 d6 5. Be2 O-O 6. Bg5 h6 7. Bh4 c5 8. d5 e6 9. Nf3 exd5 10. cxd5 Bg4 {A72: Modern Benoni: Classical: Lines with Bg5} (10... g5 11. Bg3 Nh5 12. Nd2 Nxg3 13. hxg3 Nd7 14. Nc4 Nf6 15. a4 b6 16. Qc2 Re8 17. O-O a6 18. Rfe1 Rb8 19. Ne3 Qe7 20. Bd3 h5 21. e5 dxe5 {1-0 (58) Wang,Y (2716)-Ding,L (2749) Danzhou 2015}) 11. Nd2 Bxe2 12. Qxe2 Re8 {White is slightly better.} 13. O-O Na6 (13... Nbd7 $14) 14. f4 $146 ({Predecessor:} 14. f3 Nc7 15. Qd3 Rb8 16. a4 b6 17. Nb5 Nxb5 18. axb5 {0-1 (44) Sena Moura,D (1857)-Nery Junior,J (2153) Florianopolis 2016}) 14... Qd7 15. Kh1 Nb4 16. Qd1 b5 17. Bxf6 Bxf6 18. e5 dxe5 19. Nde4 {[%mdl 64] Double Attack} Bg7 $1 20. Nxc5 Qd6 21. N5e4 Qd7 22. Qb3 Na6 23. d6 exf4 24. Rxf4 {Black must now prevent Raf1.} Re6 25. Nd5 $1 {[%cal Rd5f6]} (25. Qxb5 $2 Qxb5 26. Nxb5 g5 $17) ({Don't blunder} 25. Nxb5 $2 g5 $19) 25... Kh8 $1 {...f5 is the strong threat.} 26. Ne7 $1 f5 $1 {[%cal Rf5e4]} 27. Ng5 $1 ({Don't go for} 27. Qd5 $2 Rf8 $19) 27... Rxe7 (27... Nc5 $14 28. Qf3 Rxe7 29. dxe7 Re8) 28. dxe7 $16 Nc5 29. Nf7+ Kh7 30. Qe3 Ne4 31. Rxe4 fxe4 32. Qxe4 Re8 33. Re1 {Strongly threatening Qe6.} Bxb2 34. h4 {Threatens to win with h5.} Bf6 {[%cal Re8e7]} 35. Qf4 Bg7 36. Qe4 $40 {[%mdl 128] Hoping for h5. White attacks.} Bf6 $1 {[%cal Re8e7]} 37. Qe3 Bg7 $2 (37... Kg8 $14 38. Qxh6 Rxe7 39. Qxg6+ {[%mdl 64] Double Attack} Kf8) 38. Qe6 $18 Qd4 $2 {[#]} (38... Qxe6 39. Rxe6 Bf6) 39. Re4 $1 {[%cal Re4d4]} Qa1+ 40. Kh2 Bd4 {[#]} 41. Nd6 $1 {[%mdl 576] Double Attack. White mates.} Qg1+ {[#]} 42. Kh3 $1 {[%mdl 512]} Qh1+ {[#]} 43. Kg3 $1 {[%mdl 512] Accuracy: White = 78%, Black = 44%.} 1-0

[Event "4th Paytakht Cup 2019"]
[Site "Tehran"]
[Date "2019.11.06"]
[Round "8.7"]
[White "Veisi, Bardia"]
[Black "Tahbaz, Arash"]
[Result "0-1"]
[WhiteElo "2316"]
[BlackElo "2476"]
[Annotator "TA"]
[PlyCount "52"]
[EventDate "2019.10.30"]
[EventType "swiss"]
[EventCountry "IRI"]
[SourceTitle "playchess.com"]
[Source "ChessBase"]
[SourceQuality "1"]

{[%evp 18,66,27,31,35,38,39,6,13,11,14,0,0,-86,-92,-91,-96,-101,-96,-122,-109,-122,-49,-64,-52,-62,-42,-75,-83,-91,-72,-54,-45,-39,-37,-83,-97,-95,-73,-114,-70,-162,-148,-282,-276,-531,-473,-773,-743,-776,-768]} 1. d4 Nf6 2. c4 g6 3. Nc3 Bg7 4. e4 d6 5. Nf3 Bg4 6. Be2 O-O 7. O-O Nfd7 8. Be3 Nc6 9. Ne1 Bxe2 10. Nxe2 Na5 {E91: King's Indian: Classical: 6 Be2, unusual replies including 6...c5 and 6...Bg4} (10... e5 11. d5 Ne7 12. Nd3 f5 13. f3 Nf6 14. Nc3 Qd7 15. Nf2 Nh5 16. Qa4 Qxa4 17. Nxa4 Nf4 18. Rfe1 fxe4 19. fxe4 {1-0 (55) Khalifman,A (2613)-Kanep,M (2509) Tallinn 2015}) 11. b3 c5 12. Nc2 $146 ({Predecessor:} 12. Rc1 cxd4 13. Bxd4 Nf6 14. f3 Nc6 15. Be3 Qa5 16. Nd3 Nd7 17. Rc2 Nc5 18. Kh1 {½-½ (27) Polschikov,A (2398)-Kozionov,K (2456) Voronezh 2018}) 12... a6 {The position is equal.} 13. Nc3 Nc6 14. Qd2 Qa5 15. a3 (15. Rab1 $11 {keeps the balance.}) 15... Qb6 $17 {[%cal Rc5d4]} 16. Nd5 Qxb3 17. Rab1 Qxc4 {And now ...e6 would win.} 18. Rfc1 {[#]} Qa4 $1 {[%cal Rc5d4]} 19. dxc5 Qxe4 ({Reject} 19... Nxc5 $6 20. Bxc5 dxc5 21. Nb6 $11) (19... e6 $17 20. Nc7 Rab8 21. cxd6 Qxe4) 20. cxd6 $15 exd6 21. Rxb7 Nc5 22. Bxc5 dxc5 23. Nce3 {[#]} Nd8 $1 {[%cal Rd8b7]} 24. Re7 Qd4 25. Qc2 Ne6 26. Nc7 Qd8 {Played: Qd4-d6} 0-1

[Event "4th Paytakht Cup 2019"]
[Site "Tehran"]
[Date "2019.11.06"]
[Round "8.8"]
[White "Khazaei, Parviz"]
[Black "Nazari, Arad"]
[Result "0-1"]
[WhiteElo "1996"]
[BlackElo "2337"]
[Annotator "TA"]
[PlyCount "66"]
[EventDate "2019.10.30"]
[EventType "swiss"]
[EventCountry "IRI"]
[SourceTitle "playchess.com"]
[Source "ChessBase"]
[SourceQuality "1"]

{[%evp 19,65,21,30,30,30,43,46,21,20,36,45,0,3,0,22,0,0,-1,0,0,4,0,0,-77,0,-62,-57,-439,-108,-619,-614,-839,-791,-1663,-1663,-29991,-29992,-29992,-6207,-29994,-29995,-29996,-29997,-29997,-29998,-29998,-29999,-29999]} 1. e4 c5 2. Nf3 d6 3. d4 cxd4 4. Nxd4 Nf6 5. Nc3 a6 6. Be2 e5 7. Nb3 Be7 8. Be3 O-O 9. O-O Nc6 10. f3 Be6 11. Nd5 {B92: Sicilian Najdorf: 6 Be2} Bxd5 12. exd5 Nb8 (12... Nb4 13. c4 a5 14. a3 Na6 15. Bd3 Nd7 16. Qc2 g6 17. g3 f5 18. Rae1 a4 {1-0 (35) Andyka,P (2213)-Peng,X (2424) Bangkog 2018}) 13. c4 {White is slightly better.} Nbd7 14. Qd2 b6 15. Rfd1 Nh5 $146 ({Predecessor:} 15... Nc5 16. Qc2 Nh5 17. Qd2 h6 {½-½ (53) Sangma,R (2214)-Sanchit,A (2004) Goa 2002}) 16. Nc1 a5 17. Nd3 f5 18. b3 f4 19. Bf2 Bg5 {aiming for ...e4!} 20. Qc2 Bh4 21. a3 (21. Bxh4 $11 {keeps the balance.} Qxh4 22. Nf2) 21... Qg5 ({Black should play} 21... Bg3 $17) 22. b4 ({Better is} 22. Bxh4 $11 Qxh4 23. Nf2) 22... Bg3 $15 23. Qd2 $2 {[%mdl 8192] [#]} (23. Be1 $15) 23... Qh4 $2 (23... Bxh2+ $1 $19 {[%mdl 512]} 24. Kxh2 Ng3 25. Bxg3 fxg3+ 26. Kg1 (26. Kh3 $2 Rf4 $19) 26... Qh4) 24. hxg3 $4 {[%mdl 8192]} (24. Bxg3 $17 fxg3 {[%mdl 64] Discovered Attack} 25. h3) 24... fxg3 $19 25. Be3 e4 26. Ne1 Ne5 27. bxa5 {[#]} Ng4 $1 {[%mdl 512]} 28. Bd3 (28. fxg4 Qh2#) 28... exd3 (28... Rae8 $142 29. f4 Qh2+ 30. Kf1 exd3 31. Bg1 Rxf4+ 32. Qxf4 Nxf4 33. Rd2 Re2 34. axb6 {[#]} Qh1 $1 {[%mdl 512]} 35. Rxe2 dxe2#) 29. Qxd3 Rae8 {Black mates.} 30. Nc2 Qh2+ 31. Kf1 Qh1+ 32. Ke2 Qxg2+ {[%mdl 64] Double Attack} 33. Ke1 Qf2# {Accuracy: White = 20%, Black = 58%.} 0-1

[Event "4th Paytakht Cup 2019"]
[Site "Tehran"]
[Date "2019.11.06"]
[Round "8.9"]
[White "Pour Agha Bala, Amirreza"]
[Black "Kashefi, Amir Hosein"]
[Result "1/2-1/2"]
[WhiteElo "2420"]
[BlackElo "2223"]
[Annotator "TA"]
[PlyCount "161"]
[EventDate "2019.10.30"]
[EventType "swiss"]
[EventCountry "IRI"]
[SourceTitle "playchess.com"]
[Source "ChessBase"]
[SourceQuality "1"]

{[%evp 10,161,25,-11,-2,0,18,22,12,27,11,14,20,0,0,0,0,0,34,33,23,19,25,33,34,29,36,33,50,62,50,15,34,12,12,10,10,5,17,11,26,8,11,11,8,10,11,9,8,0,0,0,10,0,0,0,0,0,0,0,0,4,40,40,45,45,48,40,40,40,45,45,45,34,40,34,63,40,45,35,40,40,51,51,51,39,39,39,52,51,59,49,49,49,62,48,62,34,48,39,54,29,29,0,0,0,0,0,2,2,2,2,2,2,2,2,2,2,2,2,2,2,2,2,2,2,2,2,2,2,2,0,0,0,0,0,0,0,0,0,0,0,0,0,0,0,0,0,0,0,0,0,0,0]} 1. Nf3 d5 2. g3 c6 3. Bg2 Nf6 4. O-O Bf5 5. d3 e6 6. Nfd2 Bc5 {A07: Réti Opening: New York and Capablanca Systems} (6... h6 7. e4 Bh7 8. Nc3 Be7 9. f4 O-O 10. g4 dxe4 11. dxe4 Na6 12. Qe2 Nc5 13. Kh1 Qb6 14. Nc4 {½-½ (43) Hera,I (2610)-Almasi,Z (2687) Ajka 2019}) 7. e4 dxe4 8. dxe4 Bg4 9. Qe1 e5 10. Nc4 $146 ({Predecessor:} 10. Nb3 Bb6 11. Na3 Be6 12. Qc3 Nbd7 13. Nc4 Bxc4 14. Qxc4 {½-½ (35) Neckar,L (2319)-Kakageldyev,A (2373) Marianske Lazne 2016}) 10... Nbd7 11. Nbd2 Be6 12. Qe2 O-O 13. Nb3 Bxc4 (13... Be7 {keeps more tension.} 14. Bd2 Qc7 15. a4 Rfd8 16. Rfd1 b6) 14. Qxc4 Bb6 15. a4 a5 16. Qe2 Qe7 17. Nd2 Rfd8 18. Nc4 Bc5 19. Bd2 b6 20. Kh1 Ne8 21. f4 Nd6 22. Nxe5 Nxe5 23. fxe5 Qxe5 24. Bc3 Qe6 $1 25. b3 f6 26. e5 Nf7 $1 {[%cal Rf7e5]} 27. Rae1 {[%cal Re5f6]} Nxe5 28. Bxe5 fxe5 29. Qh5 Bd4 30. c3 g6 31. Qg5 Bxc3 32. Rf6 $1 {[%cal Rf6e6]} Bd2 {[#] And now ...Qd7 would win.} 33. Rxe6 Bxg5 34. Bxc6 Ra7 35. R1xe5 Bh6 36. Bd5 Kh8 37. Rxb6 Bg7 38. Re4 Bf8 39. Bc4 Kg7 40. Kg2 Rd2+ 41. Kh3 Bc5 42. Rb5 (42. Rbe6 {is interesting.} Rad7 43. Re2 h5 44. Kg2 Bb4 45. h3) 42... Bg1 43. Be2 Bd4 44. Kg4 Bc3 45. h4 Rd4 46. Rxd4 Bxd4 $14 {[%mdl 4096] Endgame KRB-KRB} 47. h5 Bc3 48. hxg6 Kxg6 49. Bd3+ Kg7 50. Rg5+ Kh8 51. Rc5 Be1 52. Rc8+ Kg7 53. Rc1 Bd2 54. Rc2 Be1 55. Kh5 Rd7 56. Be4 Re7 {[#] aiming for ...Re5+.The position is equal.} 57. Bf5 Bxg3 58. Rg2 Kf6 59. Rxg3 $11 {KRB-KR} Re5 60. Kh6 Kxf5 61. Kxh7 {KR-KR} Kf4 62. Rg6 Ke4 63. Kg7 Kd4 64. Rb6 Rf5 65. Kg6 Rf1 66. Rb5 Kc3 67. Kg5 Kb2 68. b4 axb4 69. Rxb4+ Kc3 70. Rf4 (70. Rb8 {with more complications.} Ra1 71. Ra8 Kb3 72. a5 Kb4 73. Rb8+) 70... Rxf4 71. Kxf4 {White threatens a5 and mate. KP-K} Kb4 72. Ke3 Ka5 73. Kd3 Kb4 74. Kc2 Kc4 75. Kb2 Kb4 76. Ka2 Ka5 77. Kb2 Kb4 78. a5 {[%cal Ba4a5,Ba5a6,Ba6a7,Ba7a8][%mdl 32] White wants to mate with a6.} Kb5 79. a6 Kb6 80. a7 Kb7 81. a8=N {Accuracy: White = 72%, Black = 75%.} 1/2-1/2